Statistics for Marvel's Iron Man 3 Characters Quiz

Click here to take the quiz!

General Stats

  • This quiz has been taken 121 times
    (108 since last reset)
  • The average score is 6 of 9

Answer Stats

Actor/ActressDescriptionCharacter% Correct
Robert Downey JrA self-described genius, billionaire, playboy, and philanthropist with mechanical suits of armor of his own inventionTony Stark / Iron Man
100%
Don CheadleStark's best friend, the liaison between Stark Industries and the U.S. Air Force in the department of acquisitionsCol. James "Rhodey" Rhodes / War Machine
98%
Gwyneth PaltrowStark's girlfriend, longtime associate, and the current CEO of Stark IndustriesPepper Potts
98%
Guy PearceThe creator of the Extremis virus and the founder and owner of the science and development organisation Advanced Idea Mechanics, who adopts the mantle of the Mandarin as his ownAldrich Killian
80%
Jon FavreauTony Stark's former bodyguard and chauffeur, and now serves as Stark Industries head of security departmentHappy Hogan
80%
Rebecca HallA geneticist whose work helped Killian to create ExtremisMaya Hansen
41%
Ben KingsleyA British actor with substance-abuse problems whom Killian hired to portray the Mandarin, a terrorist persona in jammed television broadcasts, in which he is depicted as the leader of the international terrorist organization The Ten RingsTrevor Slattery
40%
James Badge DaleKillian's Extremis-powered henchmanSavin
19%
Stephanie SzostakA war veteran who becomes an assassin after her exposure to ExtremisBrandt
18%

Score Distribution

Percentile by Number Answered

Percent of People with Each Score

Your Score History

You have not taken this quiz since the last reset